[Event "Steinfurt Bezirksklasse 0607"]
[Site "Germany"]
[Date "2006.09.16"]
[Round "1.8"]
[White "Sperling, Guenther"]
[Black "Lauel, Dominik"]
[Result "1-0"]
[WhiteElo "1210"]
[BlackElo "837"]
[PlyCount "47"]
[EventDate "2006.09.30"]
[EventType "team-tourn"]
[EventRounds "7"]
[EventCountry "GER"]
[SourceTitle "EXT 2008"]
[Source "ChessBase"]
[SourceDate "2007.11.25"]
[SourceVersion "1"]
[SourceVersionDate "2007.11.25"]
[SourceQuality "1"]
[WhiteTeam "Reckenfeld II"]
[BlackTeam "Neuenkirchen II"]
[WhiteTeamCountry "GER"]
[BlackTeamCountry "GER"]

1. e4 e5 2. Nf3 Nc6 3. Be2 Nf6 4. d3 Be7 5. Nc3 d5 6. exd5 Nxd5 7. Bd2 Bf5 8. 0-0 0-0 9. Nxd5 Qxd5 10. c4 Qe6 11. Re1 Qg6 12. Kh1 e4 13. dxe4 Bxe4 14. Qc1 Ne5 15. Rg1 Ng4 16. Qe1 Bc5 17. Be3 Qh5 18. h3 Bf5 19. Nh2 Bb4 20. Qxb4 Qg5 21. Bxg4 Qf6 22. Bxf5 Qxf5 23. Rge1 Rfe8 24. Rad1 1-0

[Event "Steinfurt Bezirksklasse 0405"]
[Site "Germany"]
[Date "2005.05.07"]
[Round "10.7"]
[White "Sperling, Guenther"]
[Black "Maske, Kristina"]
[Result "1-0"]
[WhiteElo "1248"]
[BlackElo "997"]
[PlyCount "33"]
[EventDate "2004.09.18"]
[EventType "team-tourn"]
[EventRounds "11"]
[EventCountry "GER"]
[SourceTitle "EXT 2006"]
[Source "ChessBase"]
[SourceDate "2005.11.24"]
[SourceVersion "1"]
[SourceVersionDate "2005.11.24"]
[SourceQuality "1"]
[WhiteTeam "Reckenfeld II"]
[BlackTeam "Westerkappeln II"]
[WhiteTeamCountry "GER"]
[BlackTeamCountry "GER"]

1. e4 e5 2. Nf3 Nc6 3. Bb5 a6 4. Bxc6 dxc6 5. Nc3 Bd6 6. d4 Bg4 7. dxe5 Bxf3 8. Qxf3 Bxe5 9. 0-0 Nf6 10. Bg5 Qd6 11. Rad1 Bxh2+ 12. Kh1 Qe5 13. Bxf6 gxf6 14. g3 Bxg3 15. fxg3 Rg8 16. Qxf6 Qxg3 17. Qxf7# 1-0

[Event "Steinfurt Bezirksliga 0203"]
[Site "Germany"]
[Date "2003.03.22"]
[Round "7.8"]
[White "Muhmann, Reinhard"]
[Black "Sperling, Guenther"]
[Result "1/2-1/2"]
[WhiteElo "1558"]
[BlackElo "1241"]
[PlyCount "82"]
[EventDate "2002.09.14"]
[EventType "team-tourn"]
[EventRounds "9"]
[EventCountry "GER"]
[SourceTitle "EXT 2004"]
[Source "ChessBase"]
[SourceDate "2003.11.25"]
[SourceVersion "1"]
[SourceVersionDate "2003.11.25"]
[SourceQuality "1"]
[WhiteTeam "Emsdetten Rochade II"]
[BlackTeam "Reckenfeld II"]
[WhiteTeamCountry "GER"]
[BlackTeamCountry "GER"]

1. e4 e5 2. Nf3 d6 3. Be2 Nf6 4. Nc3 Bd7 5. 0-0 Be7 6. d4 exd4 7. Nxd4 0-0 8. Bd3 Nc6 9. Nb3 a6 10. a3 b6 11. Bg5 Ne5 12. Rc1 Nfg4 13. Bxe7 Qxe7 14. h3 Nf6 15. Re1 Bc6 16. Nd4 Bb7 17. Qd2 Nc6 18. Nf5 Qd8 19. Qg5 g6 20. Qg3 Re8 21. Bc4 Ne5 22. Bb3 Bc8 23. Ne3 Nh5 24. Qh2 Be6 25. Ned5 Rb8 26. Rcd1 Rc8 27. Nf4 Nxf4 28. Qxf4 Bxb3 29. cxb3 c6 30. Qe3 Re6 31. Rd2 c5 32. Red1 Rc6 33. f4 Nd7 34. e5 Qf8 35. Qf3 Nb8 36. Ne4 dxe5 37. Rd8 Re8 38. R8d6 Re6 39. fxe5 Rcxd6 40. exd6 Nd7 41. Rf1 f5 1/2-1/2